[Event "XXIII Rapid Open"]
[Site "Villarrobledo SPA"]
[Date "2008.08.03"]
[Round "7"]
[White "Topalov, V."]
[Black "Ponomariov, R."]
[Result "1/2-1/2"]
[WhiteElo "2777"]
[BlackElo "2718"]
[PlyCount "68"]
[EventDate "2008.08.02"]
[Source "www.chesslib.no"]
[SourceDate "2004.05.04"]

1. d4 d5 2. c4 c6 3. Nf3 Nf6 4. e3 Bg4 5. h3 Bxf3 6. Qxf3 e6 7. Bd3 Bb4+ 8. Nd2 dxc4 9. Bxc4 Nbd7 10. a3 Bd6 11. O-O O-O 12. Ba2 e5 13. Ne4 Nxe4 14. Qxe4 Nf6 15. Qh4 Re8 16. Rd1 Qe7 17. Bd2 exd4 18. exd4 Qe2 19. Bc3 Re4 20. Qg5 Rf4 21. Rd2 Qe7 22. Qa5 Re8 23. Rf1 Bb8 24. d5 b6 25. Qa6 Nxd5 26. Bxd5 cxd5 27. Rxd5 Re4 28. Qb5 h6 29. Qd7 Be5 30. Bxe5 Rxe5 31. Qxe7 R8xe7 32. Rd8+ Kh7 33. Rd2 Re2 34. Rfd1 Rxd2 1/2-1/2

[Event "Sparkassen"]
[Site "Dortmund GER"]
[Date "2008.07.05"]
[Round "6"]
[White "Kramnik, V."]
[Black "Nepomniachtchi, I."]
[Result "1/2-1/2"]
[WhiteElo "2788"]
[BlackElo "2634"]
[PlyCount "78"]
[EventDate "2008.06.28"]
[Source "www.chesslib.no"]
[SourceDate "2004.05.04"]

1. d4 d5 2. c4 c6 3. Nf3 Nf6 4. e3 Bg4 5. h3 Bh5 6. Nc3 e6 7. g4 Bg6 8. Ne5 Nbd7 9. h4 dxc4 10. Nxg6 hxg6 11. g5 Nh7 12. Bg2 Bb4 13. Qe2 Nb6 14. a3 Ba5 15. Bd2 Nf8 16. Ne4 Bxd2+ 17. Qxd2 Qe7 18. Qb4 Qxb4+ 19. axb4 Kd7 20. b5 Kc7 21. bxc6 bxc6 22. Nd2 Nfd7 23. Ra5 a6 24. Bf1 Rhb8 25. Rh3 Kd6 26. h5 gxh5 27. Rxh5 Ke7 28. Rh7 g6 29. Kd1 Ra7 30. Kc1 Rc7 31. Ne4 Rcb7 32. Nd2 Rc7 33. Ne4 Rcb7 34. Rxa6 Nd5 35. Bxc4 Rxb2 36. Nd2 R2b6 37. Rxb6 N5xb6 38. Bd3 Nf8 39. Rh4 Nfd7 1/2-1/2

[Event "Monte Carlo MNC"]
[Site "?"]
[Date "2006.03.24"]
[Round "6"]
[White "Van Wely Loek"]
[Black "Svidler Peter"]
[Result "0-1"]
[WhiteElo "2647"]
[BlackElo "2765"]
[PlyCount "64"]
[EventDate "2006.??.??"]
[Source "www.chesslib.no"]
[SourceDate "2004.05.04"]

1. d4 d5 2. c4 c6 3. Nf3 Nf6 4. e3 a6 5. Nc3 Bf5 6. Qb3 b5 7. c5 Nbd7 8. a4 g6 9. Qa3 b4 10. Qxb4 Rb8 11. Qa3 a5 12. Bd2 Bg7 13. Rc1 O-O 14. Nh4 e5 15. Nxf5 gxf5 16. Be2 exd4 17. exd4 Re8 18. O-O Rb4 19. Be3 f4 20. Bxf4 Rxd4 21. Bd6 Rd2 22. Bf3 Ne4 23. Bxe4 dxe4 24. Rcd1 Qg5 25. Rxd2 Qxd2 26. Qb3 Bd4 27. Qd1 e3 28. Qxd2 exd2 29. Bf4 Bxc3 30. bxc3 Re2 31. g3 Nxc5 32. Kg2 Ne4 0-1

[Event "Mind Sports Games - Rapid Pair"]
[Site "Pechino CINA"]
[Date "2008.10.11"]
[Round "8"]
[White "Zhang Zhong"]
[Black "Ni Hua"]
[Result "0-1"]
[WhiteElo "2649"]
[BlackElo "2710"]
[PlyCount "120"]
[EventDate "2008.10.09"]
[Source "www.chesslib.no"]
[SourceDate "2004.05.04"]

1. d4 d5 2. c4 c6 3. Nf3 Nf6 4. e3 Bg4 5. Nc3 e6 6. h3 Bxf3 7. Qxf3 Nbd7 8. Bd2 Bd6 9. Qd1 O-O 10. Rc1 Qe7 11. cxd5 cxd5 12. Bd3 a6 13. O-O Rac8 14. Qb3 b5 15. a4 b4 16. Ne2 a5 17. f3 Nb6 18. Ba6 Ra8 19. Bb5 Rac8 20. Qd3 e5 21. Rxc8 Rxc8 22. Rc1 Rxc1+ 23. Nxc1 Qc7 24. dxe5 Bxe5 25. b3 Nbd7 26. Bxd7 Qxd7 27. Qa6 Qd8 28. Ne2 h6 29. Nd4 Bxd4 30. exd4 Nh5 31. g4 Nf6 32. Bf4 Nd7 33. Qd6 Qh4 34. Bg3 Qxh3 35. Kf2 Nf6 36. Qd8+ Kh7 37. Qxa5 h5 38. g5 h4 39. Be5 Nh5 40. Qxd5 Ng3 41. Qc4 Qh2+ 42. Ke3 Qg1+ 43. Kf4 Nh5+ 44. Ke4 Qxg5 45. Qxf7 Ng3+ 46. Kd3 h3 47. Bxg3 Qxg3 48. Qh5+ Kg8 49. a5 h2 50. Qe8+ Kh7 51. Qh5+ Kg8 52. Qe8+ Kh7 53. Qh5+ Kg8 54. a6 g6 55. Qd5+ Kg7 56. a7 h1=Q 57. a8=Q Qf1+ 58. Ke3 Qfe1+ 59. Kd3 Qc3+ 60. Ke4 Qcxf3# 0-1

[Event "RUS"]
[Site "?"]
[Date "2006.04.23"]
[Round "4"]
[White "Bareev Evgeny"]
[Black "Kobalija Mihail"]
[Result "1-0"]
[WhiteElo "2701"]
[BlackElo "2654"]
[PlyCount "183"]
[EventDate "2006.??.??"]
[Source "www.chesslib.no"]
[SourceDate "2004.05.04"]

1. d4 d5 2. c4 c6 3. Nf3 Nf6 4. e3 a6 5. Nbd2 Bf5 6. Nh4 Be4 7. f3 Bg6 8. Qb3 Qc7 9. Be2 e6 10. e4 dxe4 11. Nxg6 hxg6 12. fxe4 e5 13. dxe5 Nfd7 14. e6 fxe6 15. Nf3 a5 16. O-O Na6 17. Be3 Bc5 18. Bxc5 Naxc5 19. Qe3 O-O-O 20. e5 Rdf8 21. Rae1 Qb6 22. b3 Qb4 23. Nd4 Rxf1+ 24. Rxf1 Rh4 25. Bf3 Qa3 26. Rf2 Kb8 27. h3 Rh8 28. Bg4 Re8 29. Kh2 Re7 30. Re2 Re8 31. Qg5 Nf8 32. Bf3 Ka7 33. Nc2 Qxa2 34. b4 axb4 35. Nxb4 Qxc4 36. Ra2+ Kb6 37. Qd2 Nb3 38. Qe3+ Nd4 39. Bxc6 bxc6 40. Qa3 Nb5 41. Qa5+ Kb7 42. Rc2 Nc3 43. Nxc6 Qxc6 44. Rxc3 Qb6 45. Qa4 Re7 46. Rb3 Qxb3 47. Qxb3+ Kc8 48. Qf3 Nd7 49. Kg3 Kd8 50. Qa8+ Kc7 51. Qa5+ Kc8 52. Kh4 Rf7 53. Qa8+ Kc7 54. Qa5+ Kc8 55. Qa8+ Kc7 56. Qe8 Nxe5 57. Qxe6 Rf4+ 58. g4 Re4 59. Qd5 Re1 60. Qg8 Kd6 61. Qxg7 Ke6 62. Kg5 Rf1 63. Qg8+ Rf7 64. Qc8+ Ke7 65. Qb7+ Ke6 66. Qa6+ Ke7 67. Qa3+ Ke6 68. Qa2+ Kd6 69. Qa6+ Ke7 70. Qa3+ Ke6 71. Qa2+ Kd6 72. h4 Rf3 73. Qa6+ Ke7 74. Qb7+ Ke6 75. Qb6+ Ke7 76. Qb4+ Ke6 77. Kh6 Rg3 78. Qb6+ Kd5 79. Qb7+ Kd6 80. g5 Rg4 81. Qb6+ Kd5 82. Qf2 Re4 83. Qg2 Kd4 84. Qd2+ Kc4 85. Kg7 Rd4 86. Qa5 Re4 87. Kf6 Nf3 88. h5 gxh5 89. Qc7+ Kd3 90. g6 Rg4 91. g7 Ke2 92. g8=Q 1-0

[Event "Magistral"]
[Site "Pamplona ESP"]
[Date "2007.12.24"]
[Round "3"]
[White "Sargissian, G."]
[Black "Movsesian, S."]
[Result "1/2-1/2"]
[WhiteElo "2673"]
[BlackElo "2670"]
[PlyCount "180"]
[EventDate "2007.12.22"]
[Source "www.chesslib.no"]
[SourceDate "2004.05.04"]

1. d4 d5 2. c4 c6 3. Nf3 Nf6 4. e3 Bg4 5. h3 Bxf3 6. Qxf3 Nbd7 7. Nc3 e6 8. Bd3 Bb4 9. Bd2 O-O 10. a3 Ba5 11. b4 Bc7 12. cxd5 cxd5 13. O-O Re8 14. e4 e5 15. Nxd5 Nxd5 16. exd5 exd4 17. Rac1 Ne5 18. Qg3 Bd6 19. Bb5 Rf8 20. Bf4 Qf6 21. Bg5 Qf5 22. f4 Ng6 23. Qf3 Ne7 24. Rfe1 f6 25. Bd3 Qd7 26. Bh4 Rac8 27. Bf2 Rxc1 28. Rxc1 Rc8 29. Rxc8+ Qxc8 30. g3 Qc1+ 31. Kg2 Kf8 32. Bxh7 g6 33. f5 g5 34. Bxd4 Nxd5 35. Bf2 Qd2 36. Bg6 a5 37. Qe4 Be5 38. bxa5 Qxa5 39. Bh5 Qd2 40. Bf3 Ne7 41. a4 b6 42. g4 Qa2 43. Qb4 Kf7 44. Qb5 Kf8 45. Qd7 Qc2 46. Qd1 Qa2 47. Be4 Qc4 48. Bf3 Qa2 49. Kg1 Bc7 50. Qd4 Be5 51. Qb4 Qa1+ 52. Kg2 Qa2 53. Bd1 Qd5+ 54. Bf3 Qa2 55. Be4 Bc7 56. Kf3 Be5 57. Bd3 Qd5+ 58. Qe4 Qb3 59. Qc4 Qd1+ 60. Kg2 Qd2 61. Qe4 Qa2 62. Kf3 Qb3 63. Qc4 Qd1+ 64. Kg2 Qd2 65. Be4 Qb2 66. Qd3 Qb4 67. Qc2 b5 68. Bc5 Qxa4 69. Qxa4 bxa4 70. Bc2 Ke8 71. Bxa4+ Kd8 72. Kf3 Nd5 73. Bb5 Kc7 74. Bc4 Kc6 75. Bf2 Nc3 76. Be1 Kc5 77. Ba6 Nd5 78. Ke4 Nc3+ 79. Kd3 Nd5 80. Bf2+ Kd6 81. Ke4 Nc3+ 82. Kf3 Nd5 83. Ba7 Kc6 84. Bf1 Nb6 85. Ke4 Bc7 86. Ba6 Bg3 87. Bf1 Kb7 88. Bxb6 Kxb6 89. Kd5 Be1 90. Ke6 Bc3 1/2-1/2

[Event "VIII Torneo Karpov"]
[Site "Poikovsky RUS"]
[Date "2007.03.17"]
[Round "3"]
[White "Bologan, V."]
[Black "Rublevsky, S."]
[Result "1-0"]
[WhiteElo "2658"]
[BlackElo "2677"]
[PlyCount "247"]
[EventDate "2007.03.15"]
[Source "www.chesslib.no"]
[SourceDate "2004.05.04"]

1. d4 d5 2. c4 c6 3. Nf3 Nf6 4. e3 a6 5. Nbd2 Bf5 6. Nh4 Be4 7. f3 Bg6 8. g3 e6 9. Nxg6 hxg6 10. Kf2 c5 11. dxc5 Bxc5 12. Nb3 Bb6 13. Bd2 Nc6 14. Kg2 Ne5 15. cxd5 Qxd5 16. Be2 Neg4 17. Nd4 O-O 18. Qb3 Bxd4 19. Qxd5 Nxd5 20. exd4 Nge3+ 21. Bxe3 Nxe3+ 22. Kf2 Nc2 23. Rad1 Rfd8 24. d5 Rxd5 25. Rxd5 exd5 26. Rc1 Nd4 27. Rc7 Re8 28. Bd1 Ne6 29. Rd7 d4 30. b4 b5 31. Ra7 Rc8 32. Bb3 Rc6 33. Ra8+ Kh7 34. f4 Rd6 35. Ke2 g5 36. f5 d3+ 37. Kd2 Nd4 38. Bxf7 Nxf5 39. Re8 Nh6 40. Be6 Kg6 41. Bb3 Kf5 42. h3 g4 43. h4 Kf6 44. Re4 g6 45. a3 Nf5 46. Rxg4 Nd4 47. Bd1 Nf5 48. Bf3 Ke5 49. Bg2 a5 50. bxa5 Ra6 51. Be4 Rxa5 52. Bxd3 Kf6 53. h5 g5 54. Rb4 Nxg3 55. h6 Rxa3 56. Rxb5 Ra8 57. Ke3 Nh5 58. Rf5+ Ke6 59. Rxg5 Nf6 60. Bc4+ Ke7 61. Rg7+ Kd6 62. Rg6 Ke5 63. Rg5+ Kd6 64. Kf4 Rf8 65. Rg6 Ke7 66. Kf5 Nd7+ 67. Kg5 Rf2 68. h7 Rg2+ 69. Kf5 Rf2+ 70. Kg5 Rg2+ 71. Kf4 Rh2 72. Rg7+ Kd6 73. Bd3 Nf8 74. Kg3 Rh6 75. Rf7 Nxh7 76. Bxh7 Re6 77. Kf4 Re7 78. Rf6+ Re6 79. Rf8 Re1 80. Rd8+ Ke7 81. Ra8 Kf6 82. Bd3 Rd1 83. Ra6+ Ke7 84. Ke4 Re1+ 85. Kf5 Kd7 86. Be4 Rd1 87. Ke5 Ke7 88. Ra7+ Rd7 89. Ra1 Rc7 90. Rh1 Rc5+ 91. Bd5 Rc7 92. Rh6 Kd7 93. Rd6+ Ke7 94. Bc6 Kf8 95. Bd5 Ke7 96. Ra6 Kd7 97. Rg6 Kd8 98. Be6 Ke7 99. Rg1 Rc5+ 100. Bd5 Rc7 101. Ra1 Kd7 102. Ra5 Ke7 103. Be6 Kd8 104. Kf6 Rc6 105. Ra7 Rd6 106. Ke5 Rc6 107. Kf6 Rd6 108. Rb7 Rc6 109. Rh7 Rd6 110. Ke5 Rc6 111. Rd7+ Kc8 112. Kd5 Rc7 113. Rd6+ Kb7 114. Rd8 Kb6 115. Bd7 Ka7 116. Bc6 Kb6 117. Rb8+ Ka7 118. Rb1 Re7 119. Kc5 Re5+ 120. Bd5 Rh5 121. Rb7+ Ka6 122  Rg7 Re5 123. Rg1 Ka7 124. Rg8 1-0

[Event "World Cup"]
[Site "Khanty-Mansiysk RUS"]
[Date "2007.11.27"]
[Round "2.1"]
[White "Van Wely, L."]
[Black "Bareev, E."]
[Result "0-1"]
[WhiteElo "2679"]
[BlackElo "2653"]
[PlyCount "104"]
[EventDate "2007.11.24"]
[Source "www.chesslib.no"]
[SourceDate "2004.05.04"]

1. d4 d5 2. c4 c6 3. Nf3 Nf6 4. e3 a6 5. Bd3 Bg4 6. Qb3 Bxf3 7. gxf3 Qc7 8. Nc3 e6 9. Bd2 dxc4 10. Bxc4 Nbd7 11. Rc1 Be7 12. Be2 Rd8 13. f4 O-O 14. O-O b5 15. Rfd1 c5 16. dxc5 Nxc5 17. Qc2 Qb8 18. Be1 e5 19. f5 e4 20. b4 Nd3 21. Bxd3 exd3 22. Rxd3 Bxb4 23. Rxd8 Qxd8 24. Ne4 Bxe1 25. Nxf6+ Qxf6 26. Rxe1 Rd8 27. Qe4 g6 28. fxg6 hxg6 29. a4 Rd2 30. Rf1 Rb2 31. axb5 axb5 32. Kg2 b4 33. Qf3 Qc3 34. e4 Qc4 35. Rd1 Re2 36. Qf6 Qxe4+ 37. Kf1 Qc4 38. Rd4 Qb5 39. Kg2 Re6 40. Rd8+ Re8 41. Rd4 Qb7+ 42. f3 Qa7 43. Rxb4 Re2+ 44. Kh3 Qd7+ 45. Kg3 Qc7+ 46. Qf4 Qc5 47. Rd4 Kg7 48. h4 Ra2 49. Qe3 Qc7+ 50. Qf4 Qc2 51. Qe5+ Kh7 52. Kg4 Qc1 0-1

[Event "ch-Euro Blitz"]
[Site "Ajaccio FRA"]
[Date "2007.10.25"]
[Round "19"]
[White "Karpov, Ana"]
[Black "Tkachiev, V."]
[Result "0-1"]
[WhiteElo "2670"]
[BlackElo "2661"]
[PlyCount "43"]
[EventDate "2007.10.25"]
[Source "www.chesslib.no"]
[SourceDate "2004.05.04"]

1. d4 d5 2. c4 c6 3. Nf3 Nf6 4. e3 Bg4 5. cxd5 cxd5 6. Qb3 Bxf3 7. Qxb7 Bxg2 8. Qxa8 Bxh1 9. Bb5+ Nbd7 10. Qxa7 e6 11. Bd2 Bd6 12. Ba5 Qc8 13. Nc3 Bf3 14. Rc1 O-O 15. h4 h6 16. b4 Bb8 17. Qa6 e5 18. Ne2 Qe8 19. Bb6 exd4 20. Nxd4 Bg4 21. Bc5 Nxc5 22. Rxc5 0-1